[Event "XXXII Memorial Edoardo Crespi A"]
[Site "Milano ITA"]
[Date "2011.12.03"]
[Round "1"]
[White "Andreoni, Giuseppe"]
[Black "Sedlak, Nikola"]
[WhiteElo "2122"]
[BlackElo "2592"]
[Result "0-1"]
[PlyCount "58"]
[EventDate "2011.12.03"]

1. d4 Nf6 2. c4 e6 3. Nf3 Bb4+ 4. Nbd2 d5 5. e3 O-O 6. a3 Be7 7. Bd3 c5 8. dxc5
a5 9. b3 Nbd7 10. Bb2 Nxc5 11. Bc2 b6 12. O-O Bb7 13. Qe2 Nfe4 14. Rfd1 Nxd2
15. Rxd2 Bf6 16. Nd4 dxc4 17. bxc4 Qe7 18. e4 Bxd4 19. Rxd4 e5 20. Rd5 Bxd5 21.
exd5 Rae8 22. Qe3 f5 23. Re1 f4 24. Qh3 e4 25. f3 Nd3 26. Bxd3 Qc5+ 27. Kf1
exd3 28. Rxe8 Rxe8 29. Qd7 Re1+ 0-1

[Event "XXXII Memorial Edoardo Crespi A"]
[Site "Milano ITA"]
[Date "2011.12.03"]
[Round "1"]
[White "Anurag, Mhamal"]
[Black "Nicolo', Filippo"]
[Result "1/2-1/2"]
[WhiteElo "2222"]
[BlackElo "2024"]
[PlyCount "36"]
[EventDate "2011.12.03"]

1. d4 f5 2. g3 Nf6 3. Bg2 e6 4. Nf3 d6 5. O-O Be7 6. c4 O-O 7. Nc3 a5 8. Qc2
Nc6 9. a3 e5 10. dxe5 dxe5 11. Rd1 Qe8 12. Nd5 Bd8 13. Bg5 Qf7 14. Bxf6 Bxf6
15. e4 f4 16. c5 Be6 17. Qe2 g5 18. gxf4 gxf4 1/2-1/2

[Event "XXXII Memorial Edoardo Crespi A"]
[Site "Milano ITA"]
[Date "2011.12.03"]
[Round "1"]
[White "Astengo, Marcello"]
[Black "Thakur, Akash"]
[Result "0-1"]
[WhiteElo "2048"]
[BlackElo "2324"]
[PlyCount "42"]
[EventDate "2011.12.03"]

1. d4 d5 2. c4 c6 3. Nc3 Nf6 4. Bg5 Ne4 5. Bh4 Qa5 6. Qb3 e5 7. e3 Bb4 8. Rc1
exd4 9. exd4 O-O 10. Bd3 dxc4 11. Bxc4 Bxc3+ 12. bxc3 Qh5 13. Bg3 Nxg3 14. fxg3
Re8+ 15. Kf2 b5 16. Bd3 Qh6 17. Qc2 Bg4 18. Be4 Nd7 19. Nf3 f5 20. Bxf5 Qe3+
21. Kf1 Bxf5 0-1

[Event "XXXII Memorial Edoardo Crespi A"]
[Site "Milano ITA"]
[Date "2011.12.03"]
[Round "1"]
[White "Attuati, Stefano"]
[Black "Salmoiraghi, Angelo"]
[Result "0-1"]
[WhiteElo "2006"]
[BlackElo "2174"]
[PlyCount "42"]
[EventDate "2011.12.03"]

1. e4 e5 2. Nf3 d6 3. d4 exd4 4. Nxd4 Nf6 5. Nc3 Be7 6. Be2 O-O 7. O-O Re8 8.
f4 Bf8 9. Bf3 Na6 10. Re1 c6 11. Kh1 Qc7 12. g4 Nc5 13. g5 Nfd7 14. Bg2 Nb6 15.
f5 Nc4 16. Bf4 Ne5 17. Qh5 g6 18. Qh4 Qd8 19. f6 Ng4 20. Rad1 h5 21. Bf3 Ne5
0-1

[Event "XXXII Memorial Edoardo Crespi A"]
[Site "Milano ITA"]
[Date "2011.12.03"]
[Round "1"]
[White "Bemporad, Filippo"]
[Black "Valsecchi, Alessio"]
[Result "0-1"]
[WhiteElo "2070"]
[BlackElo "2376"]
[PlyCount "66"]
[EventDate "2011.12.03"]

1. d4 c5 2. e3 Nf6 3. c4 g6 4. Nc3 Bg7 5. Nf3 O-O 6. Be2 cxd4 7. Nxd4 a6 8. O-O
d5 9. b3 dxc4 10. Bxc4 b5 11. Be2 e5 12. Nf3 Qc7 13. Bb2 Rd8 14. Qc1 Nc6 15.
Rd1 Bb7 16. Ng5 Rxd1+ 17. Qxd1 Rd8 18. Qe1 e4 19. Rd1 h6 20. Nh3 g5 21. Rxd8+
Qxd8 22. Qd1 Qxd1+ 23. Nxd1 Bc8 24. a3 Be6 25. b4 Bb3 26. Kf1 Nd5 27. Bxg7 Kxg7
28. Ke1 Ne5 29. Nb2 Nc3 30. Ng1 Nb1 31. a4 bxa4 32. Nxa4 Bxa4 33. Bxa6 Nd3+ 0-1

[Event "XXXII Memorial Edoardo Crespi A"]
[Site "Milano ITA"]
[Date "2011.12.03"]
[Round "1"]
[White "Bove, Alessandro"]
[Black "Barberi, Alessandro"]
[Result "1-0"]
[WhiteElo "2369"]
[BlackElo "2050"]
[PlyCount "60"]
[EventDate "2011.12.03"]

1. d4 g6 2. g3 Bg7 3. Bg2 d6 4. e4 Nd7 5. Ne2 e5 6. O-O Ngf6 7. Nbc3 O-O 8. h3
Re8 9. d5 h6 10. Be3 Kh7 11. Qd2 Ng8 12. f4 exf4 13. gxf4 f5 14. Ng3 Ndf6 15.
Qd3 fxe4 16. Ncxe4 Ne7 17. f5 Nxf5 18. Nxf5 Bxf5 19. Rxf5 gxf5 20. Ng3 Rxe3 21.
Qxe3 Qe8 22. Qd3 Qg6 23. Nxf5 Re8 24. Rf1 Nd7 25. Qb5 Nc5 26. Nxg7 Kxg7 27. b4
Ne4 28. Qd7+ Kg8 29. Rf4 Ng5 30. h4 Re4 1-0

[Event "XXXII Memorial Edoardo Crespi A"]
[Site "Milano ITA"]
[Date "2011.12.03"]
[Round "1"]
[White "Cani, Gazmir"]
[Black "Miracola, Massimiliano"]
[Result "1-0"]
[WhiteElo "2174"]
[BlackElo "2007"]
[PlyCount "71"]
[EventDate "2011.12.03"]

1. Nf3 d5 2. c4 d4 3. e3 Nc6 4. d3 e5 5. a3 a5 6. Be2 Nf6 7. O-O Be7 8. exd4
exd4 9. Re1 O-O 10. Nbd2 Nd7 11. Rb1 Nc5 12. Nb3 Ne6 13. Bf1 a4 14. Nbd2 Nc5
15. Ne4 Nb3 16. Bf4 Bf5 17. h3 Re8 18. Nfd2 Nca5 19. Qf3 Bg6 20. Qg3 Rc8 21.
Nf3 c5 22. Qh2 Bf8 23. Rbd1 Nxc4 24. dxc4 Rxe4 25. h4 Rxe1 26. Rxe1 f6 27. h5
Bf7 28. g4 Na5 29. g5 Bxc4 30. Bh3 Rc6 31. h6 Bd6 32. hxg7 fxg5 33. Bf5 Kxg7
34. Qxh7+ Kf8 35. Qh8+ Bg8 36. Bh7 1-0

[Event "XXXII Memorial Edoardo Crespi A"]
[Site "Milano ITA"]
[Date "2011.12.03"]
[Round "1"]
[White "Castrogiovanni, Carlo"]
[Black "Montani, Francesco"]
[Result "1/2-1/2"]
[WhiteElo "2027"]
[BlackElo "2245"]
[PlyCount "168"]
[EventDate "2011.12.03"]

1. d4 Nf6 2. c4 e6 3. Nf3 c5 4. Nc3 cxd4 5. Nxd4 a6 6. e4 Qc7 7. Be2 Bb4 8. Qd3
d5 9. exd5 exd5 10. O-O dxc4 11. Qxc4 Qxc4 12. Bxc4 O-O 13. Be3 Bxc3 14. bxc3
b5 15. Be2 Bb7 16. Rfd1 Nd5 17. Bd2 Nb6 18. Nf5 N8d7 19. Be3 Be4 20. Ng3 Bd5
21. Bg4 Be6 22. Bxe6 fxe6 23. Rd6 Rfb8 24. Rad1 Rb7 25. Ne4 Nd5 26. Rxe6 Nxe3
27. fxe3 Nf8 28. Re5 Ng6 29. Red5 Re7 30. Rd8+ Rxd8 31. Rxd8+ Kf7 32. Rd4 Ne5
33. h3 Nc6 34. Nd6+ Ke6 35. Rd2 Ke5 36. Kf2 Na5 37. Ke2 Rc7 38. Rd3 h6 39. Kd2
Rd7 40. Nc8 Nc4+ 41. Ke2 Rxd3 42. Kxd3 Ke6 43. Kd4 Kd7 44. Na7 Nd6 45. e4 Kc7
46. Kd5 Nc4 47. g4 Kd7 48. e5 Nb6+ 49. Ke4 g6 50. h4 Na4 51. Kd4 Nb6 52. h5 g5
53. Kd3 Nc4 54. Ke4 Ke6 55. Nc6 Nd2+ 56. Ke3 Nf1+ 57. Ke4 Nd2+ 58. Ke3 Nc4+ 59.
Kd4 Nd2 60. Nd8+ Ke7 61. Nb7 Nf1 62. Nc5 a5 63. Ke4 Ng3+ 64. Kd5 Ne2 65. Ne4 a4
66. e6 a3 67. Ke5 Nf4 68. Nc5 Ne2 69. Ne4 Nc1 70. Nf6 Nd3+ 71. Kd4 Nf2 72. Ke5
Nd3+ 73. Kd4 Kxf6 74. Kxd3 Kxe6 75. Ke4 Kd6 76. Kd4 Kc6 77. Kd3 Kd5 78. Kc2 Kc4
79. Kd2 Kc5 80. Ke3 Kc4 81. Kd2 b4 82. cxb4 Kxb4 83. Kd3 Kc5 84. Kc3 Kd5
1/2-1/2

[Event "XXXII Memorial Edoardo Crespi A"]
[Site "Milano ITA"]
[Date "2011.12.03"]
[Round "1"]
[White "Doric, Darko"]
[Black "Tramalloni, Luca"]
[WhiteElo "2504"]
[BlackElo "2111"]
[Result "1-0"]
[PlyCount "101"]
[EventDate "2011.12.03"]

1. d4 e6 2. c4 f5 3. g3 Nf6 4. Bg2 d5 5. Nf3 c6 6. O-O Bd6 7. Qc2 O-O 8. Ne5
Bd7 9. Bf4 Be8 10. Nd3 Bf7 11. Nd2 Qe7 12. Nf3 Nbd7 13. Bxd6 Qxd6 14. c5 Qe7
15. b4 Bh5 16. Rfe1 Ne4 17. Nfe5 Nxe5 18. dxe5 Bg6 19. f3 Ng5 20. Qc3 Rae8 21.
a4 a6 22. Qd4 Ra8 23. Ra2 Ra7 24. Rb2 Rfa8 25. Rc1 h6 26. Kf2 Be8 27. Rcb1 Kh8
28. e3 Qc7 29. Bf1 Nf7 30. Be2 Bd7 31. f4 Kh7 32. h3 g6 33. Ne1 Kg7 34. g4 Qd8
35. Nf3 Kh7 36. Rg1 Qe7 37. Bd3 Rg8 38. Kg3 Raa8 39. Kh2 Kh8 40. Rbg2 Kh7 41.
Qc3 Rac8 42. Nd4 Nh8 43. Qc2 Rgf8 44. Rg3 Rf7 45. Qg2 Re8 46. gxf5 exf5 47.
Rxg6 Nxg6 48. Qxg6+ Kh8 49. Bxf5 Bxf5 50. Nxf5 Qe6 51. Nd6 1-0

[Event "XXXII Memorial Edoardo Crespi A"]
[Site "Milano ITA"]
[Date "2011.12.03"]
[Round "1"]
[White "Formento, Paolo"]
[Black "Solodovnichenko, Yuri"]
[WhiteElo "2133"]
[BlackElo "2629"]
[Result "1-0"]
[PlyCount "81"]
[EventDate "2011.12.03"]

1. e4 d6 2. d4 g6 3. Nf3 Nf6 4. Nc3 Bg7 5. Be2 O-O 6. O-O Na6 7. h3 c6 8. a4
Nb4 9. Be3 a5 10. Nh2 e5 11. f4 exd4 12. Bxd4 Re8 13. Bf3 Be6 14. g4 Bc4 15.
Re1 h6 16. h4 d5 17. e5 Nd7 18. g5 Nf8 19. Bg4 h5 20. Bh3 Ne6 21. Bxe6 fxe6 22.
b3 Ba6 23. Ne2 b6 24. Ng3 Rf8 25. f5 exf5 26. Nxh5 gxh5 27. Qxh5 Nxc2 28. g6
Re8 29. Ng4 Qc8 30. Nf6+ Kf8 31. Qh7 Qe6 32. Bxb6 Re7 33. Bc5 Raa7 34. h5 Nxe1
35. h6 Nf3+ 36. Kh1 Bxf6 37. exf6 Ke8 38. fxe7 Ra8 39. Qh8+ Kd7 40. Qxa8 Bc8
41. Qxa5 1-0

[Event "XXXII Memorial Edoardo Crespi A"]
[Site "Milano ITA"]
[Date "2011.12.03"]
[Round "1"]
[White "Gonella, Daniele"]
[Black "Kosic, Dragan"]
[WhiteElo "2103"]
[BlackElo "2502"]
[Result "0-1"]
[PlyCount "80"]
[EventDate "2011.12.03"]

1. e4 e6 2. d4 d5 3. Nc3 Nf6 4. Bg5 dxe4 5. Nxe4 Be7 6. Bxf6 gxf6 7. Nf3 a6 8.
a4 f5 9. Ned2 c5 10. Nb3 cxd4 11. Qxd4 Qxd4 12. Nfxd4 e5 13. Nf3 Nc6 14. Bc4
Rg8 15. g3 Rg4 16. Nfd2 Nb4 17. O-O-O Be6 18. Be2 Na2+ 19. Kb1 Rxa4 20. c3 Rc8
21. Bd3 Nxc3+ 22. bxc3 Rxc3 23. Bc2 e4 24. Rc1 Bf6 25. g4 fxg4 26. Rhe1 Bd5 27.
Bd1 Rb4 28. Re3 Rxc1+ 29. Kxc1 h5 30. Bc2 Bg5 31. Rc3 b6 32. Kd1 f5 33. Rc8+
Kf7 34. Rc7+ Kf6 35. Rd7 Ke5 36. Rh7 h4 37. Rh8 a5 38. Re8+ Kd6 39. Ke2 a4 40.
Nc1 Rd4 0-1

[Event "XXXII Memorial Edoardo Crespi A"]
[Site "Milano ITA"]
[Date "2011.12.03"]
[Round "1"]
[White "Gongalov, Bojan"]
[Black "Shishkin, Vadim"]
[WhiteElo "2084"]
[BlackElo "2449"]
[Result "0-1"]
[PlyCount "70"]
[EventDate "2011.12.03"]

1. d4 Nf6 2. c4 g6 3. Nc3 Bg7 4. Nf3 O-O 5. g3 d5 6. cxd5 Nxd5 7. Bg2 Nb6 8.
O-O Nc6 9. e3 Re8 10. h3 a5 11. Qd2 a4 12. Rd1 Bd7 13. Qe2 Qc8 14. Kh2 e5 15.
d5 Nd4 16. Qf1 Nxf3+ 17. Bxf3 e4 18. Nxe4 a3 19. Nc3 c6 20. d6 Be6 21. Rb1 Rd8
22. bxa3 Nc4 23. Ne4 Bd5 24. Rb4 Qf5 25. Bg2 Nxa3 26. g4 Qe6 27. Qd3 Nc4 28.
Ng3 Bxg2 29. Rxc4 Bf3 30. Rd2 Be5 31. e4 Rxd6 32. Qc2 h5 33. gxh5 gxh5 34. Rd3
Rxd3 35. Qxd3 h4 0-1

[Event "XXXII Memorial Edoardo Crespi A"]
[Site "Milano ITA"]
[Date "2011.12.03"]
[Round "1"]
[White "Jobava, Baadur"]
[Black "Bozzali, Ermanno"]
[WhiteElo "2678"]
[BlackElo "2133"]
[Result "1-0"]
[PlyCount "63"]
[EventDate "2011.12.03"]

1. c4 c5 2. Nc3 Nc6 3. g3 g6 4. Bg2 Bg7 5. Nf3 e5 6. d3 Nge7 7. O-O O-O 8. a3
a5 9. Rb1 d6 10. Bd2 h6 11. Ne1 Bg4 12. Nc2 Qd7 13. b4 axb4 14. axb4 cxb4 15.
Nxb4 Bh3 16. Nbd5 Nxd5 17. Nxd5 Bxg2 18. Kxg2 Nd4 19. Bxh6 f5 20. Be3 Ne6 21.
f3 f4 22. Bf2 Ng5 23. g4 Ra2 24. h4 Nf7 25. Nc3 Ra6 26. Qb3 Rb8 27. Qb5 Qc8 28.
Qd5 Bf6 29. Ne4 Be7 30. h5 gxh5 31. Rh1 hxg4 32. Rh5 1-0

[Event "XXXII Memorial Edoardo Crespi A"]
[Site "Milano ITA"]
[Date "2011.12.03"]
[Round "1"]
[White "Massironi, Marco"]
[Black "Brunello, Roberta"]
[Result "1-0"]
[WhiteElo "2171"]
[BlackElo "1969"]
[PlyCount "41"]
[EventDate "2011.12.03"]

1. e4 e5 2. d4 exd4 3. Qxd4 Nc6 4. Qe3 g6 5. Nc3 Bg7 6. Bd2 Nge7 7. O-O-O O-O
8. h4 d5 9. h5 d4 10. Qg3 dxc3 11. Bxc3 Qe8 12. hxg6 Nxg6 13. Qh2 f6 14. Bc4+
Be6 15. Qxh7+ Kf7 16. Nf3 Rg8 17. Rh6 Bxc4 18. Rxg6 Ne5 19. Rxf6+ Kxf6 20. Qf5+
Ke7 21. Bb4+ 1-0

[Event "XXXII Memorial Edoardo Crespi A"]
[Site "Milano ITA"]
[Date "2011.12.03"]
[Round "1"]
[White "Quaranta, Cristiano"]
[Black "Malaniuk, Vladimir P."]
[WhiteElo "2118"]
[BlackElo "2504"]
[Result "0-1"]
[PlyCount "86"]
[EventDate "2011.12.03"]

1. d4 f5 2. g3 Nf6 3. Bg2 g6 4. Nf3 Bg7 5. O-O O-O 6. b3 d6 7. Bb2 Qe8 8. c4
Na6 9. Nbd2 Rb8 10. Qc2 b5 11. cxb5 Qxb5 12. Qc4+ Qxc4 13. Nxc4 Ne4 14. Ncd2
Nxd2 15. Nxd2 c5 16. Nf3 Bb7 17. Ng5 Bxg2 18. Kxg2 Rfc8 19. e3 Nb4 20. Nf3 c4
21. bxc4 Rxc4 22. Ne1 Nc2 23. Nxc2 Rxb2 24. Ne1 Rc3 25. Kg1 Ra3 26. h4 h6 27.
Ng2 Kf7 28. Rfc1 g5 29. hxg5 hxg5 30. Ne1 Rbxa2 31. Rab1 f4 32. gxf4 gxf4 33.
Ng2 fxe3 34. fxe3 Bf6 35. Rf1 a5 36. Rf2 Ra1 37. Rxa1 Rxa1+ 38. Kh2 a4 39. Rc2
e5 40. dxe5 Bxe5+ 41. Kh3 a3 42. Rc7+ Ke6 43. Kg4 Rg1 0-1

[Event "XXXII Memorial Edoardo Crespi A"]
[Site "Milano ITA"]
[Date "2011.12.03"]
[Round "1"]
[White "Radice, Luca"]
[Black "Berni, Fabrizio"]
[Result "1/2-1/2"]
[WhiteElo "1969"]
[BlackElo "2146"]
[PlyCount "54"]
[EventDate "2011.12.03"]

1. d4 Nf6 2. c4 e6 3. Nc3 d5 4. Bg5 Nbd7 5. e3 c6 6. Nf3 Qa5 7. cxd5 Nxd5 8.
Qb3 Bb4 9. Rc1 e5 10. Bc4 N7b6 11. Bxd5 Nxd5 12. e4 Nxc3 13. bxc3 Ba3 14. Rd1
exd4 15. O-O d3 16. Rxd3 O-O 17. c4 Bc5 18. Bd2 Qc7 19. Bb4 Qe7 20. Bxc5 Qxc5
21. Rfd1 Be6 22. Qxb7 Rac8 23. h3 h6 24. Rc1 Rb8 25. Qc7 Rb2 26. Rd2 Rxd2 27.
Nxd2 Bxh3 1/2-1/2

[Event "XXXII Memorial Edoardo Crespi A"]
[Site "Milano ITA"]
[Date "2011.12.03"]
[Round "1"]
[White "Rota, Giacomo"]
[Black "Iudicello, Giovanni"]
[Result "0-1"]
[WhiteElo "2008"]
[BlackElo "2188"]
[PlyCount "64"]
[EventDate "2011.12.03"]

1. d4 Nf6 2. Nf3 g6 3. c4 Bg7 4. g3 d6 5. Bg2 O-O 6. O-O Nbd7 7. b3 Re8 8. Bb2
e5 9. dxe5 Ng4 10. Nc3 Ngxe5 11. Nxe5 dxe5 12. Qc2 c6 13. Rad1 f5 14. e4 f4 15.
Qd2 Qf6 16. Bh3 Nf8 17. Bxc8 Raxc8 18. f3 Ne6 19. Ne2 Rcd8 20. Qc1 Rxd1 21.
Qxd1 Rd8 22. Qc1 g5 23. g4 Rd3 24. Qc2 Qd8 25. Bc3 Qb6+ 26. Kg2 Qe3 27. Rf2 Nd4
28. Nxd4 Rxc3 29. Nf5 Rxc2 30. Nxe3 Rxf2+ 31. Kxf2 fxe3+ 32. Kxe3 Bf8 0-1

[Event "XXXII Memorial Edoardo Crespi A"]
[Site "Milano ITA"]
[Date "2011.12.03"]
[Round "1"]
[White "Salvador, Roland"]
[Black "Vinzoni, Andrea"]
[WhiteElo "2500"]
[BlackElo "2097"]
[Result "1-0"]
[PlyCount "45"]
[EventDate "2011.12.03"]

1. d4 d5 2. Nf3 Nf6 3. c4 e6 4. Nc3 Be7 5. e3 O-O 6. Qc2 dxc4 7. Bxc4 c5 8. O-O
Nc6 9. Rd1 Qc7 10. dxc5 Bxc5 11. a3 a6 12. b4 Be7 13. Ba2 b5 14. Ne2 Bb7 15.
Bb2 Rac8 16. Rac1 Qb8 17. Qb1 Rfd8 18. Nf4 Rxd1+ 19. Rxd1 Rd8 20. Rc1 Bd6 21.
Nxe6 fxe6 22. Bxe6+ Kh8 23. Ng5 1-0

[Event "XXXII Memorial Edoardo Crespi A"]
[Site "Milano ITA"]
[Date "2011.12.03"]
[Round "1"]
[White "Sardo, Gabriele"]
[Black "Di Lascio, Savino"]
[Result "1/2-1/2"]
[WhiteElo "2218"]
[BlackElo "2015"]
[PlyCount "131"]
[EventDate "2011.12.03"]

1. e4 c6 2. d4 d5 3. Nc3 dxe4 4. Nxe4 Nf6 5. Nxf6+ gxf6 6. Nf3 Bf5 7. g3 Qd5 8.
c4 Qe4+ 9. Qe2 e6 10. Be3 Bb4+ 11. Bd2 Bxd2+ 12. Kxd2 Qc2+ 13. Ke1 Qa4 14. Nh4
Bg6 15. f4 Na6 16. Kf2 O-O-O 17. b3 Qa5 18. Rd1 Nb4 19. Bh3 Kb8 20. Kg2 Qxa2
21. Qxa2 Be4+ 22. Nf3 Nxa2 23. Rd2 Nb4 24. Re1 f5 25. Kf2 Nd3+ 26. Rxd3 Bxd3
27. Ne5 Rxd4 28. Rd1 Rhd8 29. Ke3 Re4+ 30. Kf2 Rxe5 31. fxe5 Kc7 32. Ke3 Bc2
33. Rxd8 Kxd8 34. b4 Kc7 35. Bg2 b6 36. b5 cxb5 37. cxb5 Kd8 38. Bf1 Ke7 39.
Kf4 f6 40. Bc4 Bd1 41. Bd3 Bb3 42. Be2 Kf7 43. Bd3 Bd5 44. h4 Bg2 45. Be2 Kg6
46. Bc4 Bd5 47. Bd3 Kf7 48. Be2 Ke7 49. Bd3 Bb7 50. Bc4 Bc8 51. Bd3 Bd7 52. Bc4
Be8 53. Bd3 Bd7 54. Bc4 Be8 55. Be2 Bg6 56. Bc4 Bh5 57. Bd3 Bd1 58. Bc4 Kf7 59.
Bd3 Bg4 60. Bc4 Ke7 61. Bd3 h5 62. Bc4 Bd1 63. Bd3 Bb3 64. Be2 Ba4 65. Bc4 Bc2
66. Be2 1/2-1/2

[Event "XXXII Memorial Edoardo Crespi A"]
[Site "Milano ITA"]
[Date "2011.12.03"]
[Round "1"]
[White "Stella, Andrea"]
[Black "Battistella, Stefano"]
[WhiteElo "2448"]
[BlackElo "2081"]
[Result "1-0"]
[PlyCount "63"]
[EventDate "2011.12.03"]

1. d4 e6 2. c4 b6 3. Nf3 Bb7 4. g3 f5 5. Bg2 Bb4+ 6. Bd2 Bxd2+ 7. Qxd2 Nf6 8.
O-O O-O 9. Nc3 Ne4 10. Nxe4 Bxe4 11. d5 Qf6 12. Rac1 c5 13. dxc6 Nxc6 14. Rfd1
Rac8 15. b3 Rfd8 16. Nd4 Bxg2 17. Kxg2 Ne5 18. Nb5 a6 19. Nc3 Nf7 20. Qe3 Rc5
21. Rd2 Nh6 22. Qd4 Qxd4 23. Rxd4 Nf7 24. Rcd1 d6 25. e4 g6 26. exf5 gxf5 27.
Re1 Ne5 28. Na4 Ra5 29. Nxb6 Nc6 30. Rd2 Kf7 31. Red1 Ne7 32. a4 1-0

[Event "XXXII Memorial Edoardo Crespi A"]
[Site "Milano ITA"]
[Date "2011.12.03"]
[Round "1"]
[White "Vezzosi, Paolo"]
[Black "Moroni, Luca jr"]
[Result "1-0"]
[WhiteElo "2321"]
[BlackElo "2030"]
[PlyCount "101"]
[EventDate "2011.12.03"]

1. d4 d5 2. c4 e6 3. Nc3 c6 4. Nf3 Nf6 5. Bg5 Nbd7 6. Qc2 Qa5 7. cxd5 exd5 8.
e3 Ne4 9. Bd3 Nxg5 10. Nxg5 h6 11. Nf3 Bd6 12. O-O Nf6 13. h3 O-O 14. Ne5 Bxe5
15. dxe5 Ne4 16. Bxe4 dxe4 17. Qxe4 Re8 18. f4 Bd7 19. Rad1 Rad8 20. Rd6 Be6
21. Rfd1 Bd5 22. Qd4 Rxd6 23. exd6 Be6 24. e4 Bd7 25. e5 Re6 26. b4 Qa6 27. f5
Re8 28. g4 b6 29. Re1 Qc8 30. Ne4 Qd8 31. Kh2 Qh4 32. Qf2 Qd8 33. Qg3 Qc8 34.
Qf4 Kh7 35. Rf1 Qa6 36. Rf2 Qb5 37. e6 fxe6 38. f6 e5 39. Qe3 Qxb4 40. fxg7
Kxg7 41. Nf6 Qxd6 42. g5 e4+ 43. Kg2 Re7 44. gxh6+ Kh8 45. Qc3 e3 46. Nxd7+ Kh7
47. Nf6+ Kxh6 48. Ng4+ Kg5 49. Nxe3 Qg6 50. Ng4 Qe4+ 51. Kg3 1-0

[Event "XXXII Memorial Edoardo Crespi A"]
[Site "Milano ITA"]
[Date "2011.12.04"]
[Round "2"]
[White "Barberi, Alessandro"]
[Black "Andreoni, Giuseppe"]
[Result "1-0"]
[WhiteElo "2050"]
[BlackElo "2122"]
[PlyCount "51"]
[EventDate "2011.12.03"]

1. d4 d5 2. Nf3 Nf6 3. e3 c5 4. b3 cxd4 5. exd4 Nc6 6. Bb2 Bg4 7. Be2 e6 8. O-O
Bd6 9. Nbd2 O-O 10. c4 Rc8 11. Ne5 Bxe2 12. Qxe2 dxc4 13. bxc4 Ne7 14. f4 Ng6
15. Rf3 Bxe5 16. fxe5 Ng4 17. Ne4 Nh6 18. Nd6 Rc7 19. Rd1 b6 20. d5 Qh4 21. g3
Qh5 22. dxe6 Ng4 23. exf7+ Kh8 24. Rf5 Qh3 25. e6 Re7 26. Ne8 1-0

[Event "XXXII Memorial Edoardo Crespi A"]
[Site "Milano ITA"]
[Date "2011.12.04"]
[Round "2"]
[White "Basso, Pier Luigi"]
[Black "Giretti Kanev, Jasen"]
[Result "0-1"]
[WhiteElo "2070"]
[BlackElo "2199"]
[PlyCount "54"]
[EventDate "2011.12.03"]

1. e4 c6 2. d4 d5 3. Nc3 dxe4 4. Bc4 Nf6 5. f3 Bf5 6. g4 Bg6 7. g5 b5 8. gxf6
bxc4 9. fxe4 exf6 10. h4 Bb4 11. Rh3 O-O 12. Be3 Re8 13. Qe2 Rxe4 14. Qxc4 Qe7
15. Kd2 Nd7 16. Rf1 c5 17. a3 Nb6 18. Qe2 Bxc3+ 19. bxc3 cxd4 20. cxd4 Rc8 21.
Qa6 Qe6 22. Qd3 Nc4+ 23. Ke2 Rxe3+ 24. Qxe3 Nxe3 25. Rxe3 Rxc2+ 26. Kf3 Bh5+
27. Kf4 Qg4# 0-1

[Event "XXXII Memorial Edoardo Crespi A"]
[Site "Milano ITA"]
[Date "2011.12.04"]
[Round "2"]
[White "Battistella, Stefano"]
[Black "Sbarra, Marco"]
[Result "0-1"]
[WhiteElo "2081"]
[BlackElo "2245"]
[PlyCount "108"]
[EventDate "2011.12.03"]

1. e4 c5 2. Nf3 Nc6 3. Bb5 g6 4. Bxc6 bxc6 5. d3 Bg7 6. O-O e5 7. Be3 d6 8. c3
Nf6 9. d4 Nxe4 10. dxe5 d5 11. Qa4 Qc7 12. Nbd2 Nxd2 13. Nxd2 Bxe5 14. Nf3 Bd6
15. Bh6 Bf8 16. Rfe1+ Be6 17. Bf4 Bd6 18. Bh6 O-O-O 19. b4 Bf5 20. bxc5 Bxc5
21. Bg5 Rde8 22. Bf6 Rhg8 23. Bd4 Bxd4 24. Nxd4 Kb7 25. c4 Rxe1+ 26. Rxe1 Rd8
27. c5 Bd7 28. Re3 Re8 29. Rxe8 Bxe8 30. Nb3 g5 31. h3 f6 32. Qb4+ Kc8 33. Qg4+
Bd7 34. Qh5 Qe5 35. Qd1 Kd8 36. Qd2 Ke8 37. Nd4 h5 38. Nf3 Qe4 39. Qb2 Qf4 40.
Qe2+ Kf7 41. Qc2 Bf5 42. Qc3 Qa4 43. Nd4 Qd1+ 44. Kh2 Bd7 45. Qe3 Qf1 46. h4
gxh4 47. Qf3 Kg6 48. Ne2 Qe1 49. Nf4+ Kg5 50. g3 Bg4 51. gxh4+ Kf5 52. Qg3 Qe5
53. f3 Qxf4 54. fxg4+ hxg4 0-1

[Event "XXXII Memorial Edoardo Crespi A"]
[Site "Milano ITA"]
[Date "2011.12.04"]
[Round "2"]
[White "Berni, Fabrizio"]
[Black "Castrogiovanni, Carlo"]
[Result "1-0"]
[WhiteElo "2146"]
[BlackElo "2027"]
[PlyCount "53"]
[EventDate "2011.12.03"]

1. e4 c5 2. Nc3 e6 3. Nf3 a6 4. g3 d6 5. Bg2 Nf6 6. O-O Be7 7. d4 cxd4 8. Nxd4
O-O 9. a4 Nc6 10. Kh1 Qc7 11. f4 Bd7 12. Nb3 Rfd8 13. a5 Rac8 14. Be3 Qb8 15.
g4 d5 16. Bb6 Rf8 17. e5 Ne8 18. Na4 Na7 19. Nac5 Bb5 20. Rf3 Bd8 21. f5 Nc6
22. Nd7 Qa8 23. fxe6 Nxe5 24. Nxe5 Nd6 25. Qxd5 Bxb6 26. exf7+ Kh8 27. Ng6+ 1-0

[Event "XXXII Memorial Edoardo Crespi A"]
[Site "Milano ITA"]
[Date "2011.12.04"]
[Round "2"]
[White "Bonanno, Alessandro"]
[Black "Bemporad, Filippo"]
[Result "1-0"]
[WhiteElo "2132"]
[BlackElo "2070"]
[PlyCount "75"]
[EventDate "2011.12.03"]

1. e4 c5 2. Nf3 d6 3. d4 cxd4 4. Nxd4 Nf6 5. Nc3 e6 6. g4 h6 7. h4 Nc6 8. Rg1
g6 9. g5 hxg5 10. hxg5 Nh5 11. Be3 a6 12. Qd2 Qc7 13. O-O-O Bd7 14. f4 O-O-O
15. Qf2 Na5 16. Nxe6 Bxe6 17. Bb6 Qc6 18. Bxa5 Re8 19. Nd5 Bg7 20. Qa7 Kd7 21.
Bb4 Bxd5 22. Rxd5 Re6 23. Bh3 Nxf4 24. Bxe6+ Kxe6 25. Rxd6+ Qxd6 26. Bxd6 Ne2+
27. Kd2 Nxg1 28. Qxg1 Kxd6 29. Qb6+ Ke5 30. Qc7+ Ke6 31. Qb6+ Ke5 32. Qxb7 Rf8
33. Ke3 Ke6 34. Qxa6+ Ke7 35. Qb7+ Ke6 36. c4 Rd8 37. b4 Bd4+ 38. Kf3 1-0

[Event "XXXII Memorial Edoardo Crespi A"]
[Site "Milano ITA"]
[Date "2011.12.04"]
[Round "2"]
[White "Bozzali, Ermanno"]
[Black "Cacciola, Alfredo"]
[Result "1/2-1/2"]
[WhiteElo "2133"]
[BlackElo "2080"]
[PlyCount "92"]
[EventDate "2011.12.03"]

1. d4 d5 2. Nf3 Nf6 3. c4 e6 4. g3 dxc4 5. Bg2 Nc6 6. Qa4 Bb4+ 7. Bd2 Nd5 8.
Bxb4 Ndxb4 9. O-O Rb8 10. Nc3 a6 11. Ne5 Bd7 12. Nxc6 bxc6 13. a3 c5 14. Qd1
Nc6 15. dxc5 Rxb2 16. Qa4 Ne5 17. Qxa6 O-O 18. Rfd1 Qe7 19. Qa5 Bc6 20. Rab1
Rb3 21. Rxb3 cxb3 22. Qb4 Bxg2 23. Kxg2 Nc6 24. Qb5 Na7 25. Qxb3 Qxc5 26. Qb4
Qc6+ 27. f3 Nc8 28. Ne4 Nb6 29. Rd3 Nd5 30. Qc5 Qb7 31. Nf2 Ra8 32. e4 Qb6 33.
Qxb6 Nxb6 34. Rc3 Kf8 35. Nd3 Ke8 36. Rxc7 Rxa3 37. Ne5 f6 38. Rb7 fxe5 39.
Rxb6 Kf7 40. Rb5 Kf6 41. Rb8 Ra2+ 42. Kh3 Rf2 43. Rh8 h6 44. Ra8 Kf7 45. Ra7+
Kf6 46. Ra8 Kf7 1/2-1/2

[Event "XXXII Memorial Edoardo Crespi A"]
[Site "Milano ITA"]
[Date "2011.12.04"]
[Round "2"]
[White "Brunello, Marina"]
[Black "Doric, Darko"]
[WhiteElo "2221"]
[BlackElo "2504"]
[Result "0-1"]
[PlyCount "78"]
[EventDate "2011.12.03"]

1. e4 c6 2. d4 d5 3. e5 Bf5 4. Nd2 e6 5. Nb3 Nd7 6. Nf3 h6 7. Be2 Ne7 8. O-O g5
9. a4 a5 10. Bd2 Bg7 11. Rc1 O-O 12. Qe1 c5 13. Bb5 cxd4 14. Bxa5 b6 15. Bb4
Be4 16. Nfd2 Bg6 17. Bd6 Nf5 18. Bxf8 Kxf8 19. Nf3 g4 20. Nfxd4 Nxe5 21. Qb4+
Kg8 22. Rfd1 Nh4 23. Bf1 Qg5 24. Qd2 Qh5 25. Re1 Rxa4 26. Ra1 Rxa1 27. Rxa1 Be4
28. Nc1 Bxg2 29. Ra8+ Kh7 30. Bxg2 Nef3+ 31. Nxf3 gxf3 32. Bf1 Ng6 33. Nd3 e5
34. Nb4 d4 35. c3 Nf4 36. Qc2+ f5 37. Qb3 Nh3+ 38. Bxh3 Qg5+ 39. Bg4 Qc1+ 0-1